<?xml version="1.0" encoding="UTF-8"?>
<record
    xmlns:xsi="http://www.w3.org/2001/XMLSchema-instance"
    xsi:schemaLocation="http://www.loc.gov/MARC21/slim http://www.loc.gov/standards/marcxml/schema/MARC21slim.xsd"
    xmlns="http://www.loc.gov/MARC21/slim">

  <leader>01029nam a2200217 i 4500</leader>
  <controlfield tag="001">189321</controlfield>
  <controlfield tag="003">ES-MaACL</controlfield>
  <controlfield tag="005">20250805063327.0</controlfield>
  <controlfield tag="008">190523s1872    sp           |||| | spa d</controlfield>
  <datafield tag="100" ind1="1" ind2=" ">
    <subfield code="a">Landerer, Jos&#xE9; J., </subfield>
    <subfield code="d">1841-1922</subfield>
    <subfield code="9">128656</subfield>
  </datafield>
  <datafield tag="245" ind1="1" ind2="0">
    <subfield code="a">Monograf&#xED;a paleontol&#xF3;gica del piso &#xE1;ptico de Tortosa, Chert, y Benifaz&#xE1; / </subfield>
    <subfield code="c">por Jos&#xE9; J. Landerer.</subfield>
  </datafield>
  <datafield tag="260" ind1=" " ind2=" ">
    <subfield code="a">Tortosa : </subfield>
    <subfield code="b">[s.n.], </subfield>
    <subfield code="c">1872 (</subfield>
    <subfield code="f">Imp. D. Llasat)</subfield>
  </datafield>
  <datafield tag="300" ind1=" " ind2=" ">
    <subfield code="a">55 p., [8] h. de l&#xE1;m. ; </subfield>
    <subfield code="c">22 cm.</subfield>
  </datafield>
  <datafield tag="530" ind1=" " ind2=" ">
    <subfield code="a">Disponible en formato digital.</subfield>
  </datafield>
  <datafield tag="650" ind1=" " ind2="4">
    <subfield code="a">Paleontolog&#xED;a-</subfield>
    <subfield code="z">Tortosa.</subfield>
    <subfield code="9">167090</subfield>
  </datafield>
  <datafield tag="650" ind1=" " ind2="4">
    <subfield code="a">Paleontolog&#xED;a-</subfield>
    <subfield code="z">Chert.</subfield>
    <subfield code="9">167091</subfield>
  </datafield>
  <datafield tag="650" ind1=" " ind2="4">
    <subfield code="a">Paleontolog&#xED;a-</subfield>
    <subfield code="z">La Pobla de Benifass&#xE0;.</subfield>
    <subfield code="9">167092</subfield>
  </datafield>
  <datafield tag="852" ind1=" " ind2=" ">
    <subfield code="a">ES-MaACL</subfield>
    <subfield code="j">B-8926(10) </subfield>
    <subfield code="z">.- Legado de Federico de Botella y de Hornos</subfield>
    <subfield code="z">.- Encuadernado en un vol. facticio agrupado con el nombre en el lomo: Espa&#xF1;a, geolog&#xED;a, memorias y documentos varios 20 al 40</subfield>
  </datafield>
  <datafield tag="856" ind1=" " ind2=" ">
    <subfield code="u">http://bdh-rd.bne.es/viewer.vm?id=0000076054&amp;page=1 </subfield>
    <subfield code="z">Biblioteca Digital Hisp&#xE1;nica</subfield>
  </datafield>
  <datafield tag="999" ind1=" " ind2=" ">
    <subfield code="c">189321</subfield>
    <subfield code="d">189321</subfield>
  </datafield>
  <datafield tag="952" ind1=" " ind2=" ">
    <subfield code="0">0</subfield>
    <subfield code="1">0</subfield>
    <subfield code="4">0</subfield>
    <subfield code="7">0</subfield>
    <subfield code="8">Colecci&#xF3;n_digital</subfield>
    <subfield code="a">ATENEOM</subfield>
    <subfield code="b">ATENEOM</subfield>
    <subfield code="c">SPB</subfield>
    <subfield code="d">2019-05-23</subfield>
    <subfield code="e">DON</subfield>
    <subfield code="l">0</subfield>
    <subfield code="o">B-8926(10)</subfield>
    <subfield code="p">1200587</subfield>
    <subfield code="r">2023-02-23 00:00:00</subfield>
    <subfield code="w">2023-02-23</subfield>
    <subfield code="y">MONANT</subfield>
  </datafield>
</record>
